K členeniu nákladov podľa ich vzťahu k objemu produkcie Na pomoc malým a stredným podnikateľom

Charakteristika výrobných nákladov. Druhy: fixné a variabilné. Členenie variabilných nákladov na proporcionálne, degresívne a progresívne. Zmiešané náklady. Príklad.

Guardado en:
Detalles Bibliográficos
Autor principal: Laučík, Zdenko
Formato: Capítulo de libro
Lenguaje:eslovaco
Materias:
Etiquetas: Agregar Etiqueta
Sin Etiquetas, Sea el primero en etiquetar este registro!

MARC

LEADER 00000naa a2200000 4500
001 r018813
005 20221205103228.7
041 0 |a slo 
044 |a SK 
245 1 0 |a K členeniu nákladov podľa ich vzťahu k objemu produkcie  |b Na pomoc malým a stredným podnikateľom  |c Zdenko Laučík 
520 |a Charakteristika výrobných nákladov. Druhy: fixné a variabilné. Členenie variabilných nákladov na proporcionálne, degresívne a progresívne. Zmiešané náklady. Príklad. 
610 2 0 |a náklady výrobné 
610 2 0 |a náklady fixné 
610 2 0 |a náklady variabilné 
100 1 |a Laučík, Zdenko